000 00290nam a2200121Ia 4500
008 230627s9999 xx 000 0 und d
041 _aeng
082 _a342.095
_bJAG
100 _aJagdish Lal
245 _aThe Constitutional Of India
260 _bDelhi Law House
_c1978
300 _a303p
999 _c680913
_d680913